| 000 | 00508nam a22001577a 4500 | ||
|---|---|---|---|
| 003 | OSt | ||
| 005 | 20151210113126.0 | ||
| 008 | 151210b xxu||||| |||| 00| 0 eng d | ||
| 040 | _cRUA | ||
| 082 | _aATM PRA 2004 B204 Or.1 | ||
| 100 |
_94653 _aPRAK, THOY. |
||
| 245 | _apeople livelihood in steung chinit (ស្ថានភាពរស់នៅនៃពលរដ្ឋតាមដងស្ទឹងជីនិត) | ||
| 260 |
_aPhnom Penh _bRUA _c2004 |
||
| 300 |
_aiv, 37p. _bill. _c29cm. |
||
| 942 |
_2ddc _cATM |
||
| 999 |
_c4335 _d4335 |
||